4 κώδικες : αστικός κώδικας - κώδικας πολιτικής δικονομίας - ποινικός κώδικας - κώδικας ποινικής δικονομίας : με τις τροποποιήσεις των νόμων 2447/96, 2479/97, 2521/97
Αποθηκεύτηκε σε:
| Άλλοι συγγραφείς: | |
|---|---|
| Μορφή: | Βιβλίο |
| Γλώσσα: | Greek |
| Δημοσίευση: |
Αθήνα :
Νομική Βιβλιοθήκη,
1998
|
| Θέματα: | |
| Ετικέτες: |
Προσθήκη ετικέτας
Δεν υπάρχουν, Καταχωρήστε ετικέτα πρώτοι!
|
MARC
| LEADER | 00000cam a2200000 i 4500 | ||
|---|---|---|---|
| 001 | 1/58125 | ||
| 008 | 040624s1998 gre d | ||
| 020 | |a 960-272-023-9 | ||
| 035 | |l 10073892 | ||
| 040 | |a GR-MY-UA |b gre |e aacr | ||
| 041 | 0 | |a gre | |
| 082 | 0 | |a 340 | |
| 245 | 1 | 0 | |a 4 κώδικες : |b αστικός κώδικας - κώδικας πολιτικής δικονομίας - ποινικός κώδικας - κώδικας ποινικής δικονομίας : με τις τροποποιήσεις των νόμων 2447/96, 2479/97, 2521/97 / |c επιμέλεια Λίλα Καρατζά |
| 260 | |a Αθήνα : |b Νομική Βιβλιοθήκη, |c 1998 | ||
| 300 | |a 1184 σ. | ||
| 650 | 0 | 0 | |a Law |z Greece. |
| 700 | 1 | |a Καρατζά, Λίλα. |4 edt | |
| 852 | |a INST |b RHODES |e 20040624 |h 340 ΚΩΔ |p 005400020007 |q 005400020007 |t REF |y 23 | ||
| 901 | |a BIBL4-2004-2 | ||
| 909 | |a Ρ |b 104922 | ||
| 970 | |a ΚΟΥΛΑΚΙΟΤΗ |b ΛΙΤΣΑ |z 2004/06/24 | ||